书目信息 |
| 题名: |
泉州港与古代海外交通
|
|
| 作者: | 《泉州港与古代海外交通》编写组编 | |
| 分册: | ||
| 出版信息: | 北京 文物出版社 1982 |
|
| 页数: | 116页 | |
| 开本: | 19cm | |
| 丛书名: | ||
| 单 册: | ||
| 中图分类: | F552.9 | |
| 科图分类: | ||
| 主题词: | 港口-交通运输史--泉州市--古代 , 交通运输史-港口--泉州市--古代 | |
| 电子资源: | ||
| ISBN: | ||
| 000 | 00694nam0 2200241 45 | |
| 001 | 0182003666 | |
| 005 | 20071008112405.17 | |
| 010 | @dCNY0.56 | |
| 091 | @a11068.1097 | |
| 100 | @a19950427d1982 emky0chiy0121 ea | |
| 101 | 0 | @achi |
| 102 | @aCN@b110000 | |
| 105 | @ay z 000yy | |
| 106 | @ar | |
| 200 | 10 | @a泉州港与古代海外交通@Aquan zhou gang yu gu dai hai wai jiao tong@f《泉州港与古代海外交通》编写组编 |
| 210 | @a北京@c文物出版社@d1982 | |
| 215 | @a116页@d19cm | |
| 606 | @a港口-交通运输史@y泉州市@z古代 | |
| 606 | @a交通运输史-港口@y泉州市@z古代 | |
| 690 | @aF552.9@v3 | |
| 801 | 0 | @aCN@b上海图书馆@c20071008 |
| 801 | 2 | @aCN@bNLC@c20040430 |
| 905 | @f2@b220334-335@dF552.9@e5 | |
| 泉州港与古代海外交通/《泉州港与古代海外交通》编写组编.-北京:文物出版社,1982 |
| 116页;19cm |
| ISBN :CNY0.56 |
| ● |
| 相关链接 |
|
|
|
|
正题名:泉州港与古代海外交通
索取号:F552.9/5
 
预约/预借
| 序号 | 登录号 | 条形码 | 馆藏地/架位号 | 状态 | 备注 |
| 1 | 0220334 | 000487280 | 第一借阅区/ [索取号:F552.9/5] | 在馆 | |
| 2 | 0220335 | 000487271 | 第一借阅区/ [索取号:F552.9/5] | 在馆 | |
| 3 | 0220336 | 000487262 | 第一样本阅览室/ [索取号:F552.9/5] | 在馆 |